Fala bicho (Registo nº 4509)

Detalhes MARC
000 -Etiqueta do registo
Cabeçalho 00769nam0a2200277 4500
005 - Identificador da versão
Campo de controlo 20240813122104.0
010 ## - Número internacional normalizado dos livros (ISBN)
Número (ISBN) 9789720726933
021 ## - Número do Depósito Legal
Código do país PT
Número 372037/14
100 ## - Dados gerais de processamento
Dados gerais de processamento 20161103d2014 bc y0pory5003 ba
102 ## - Pais de publicação ou produção
País de publicação Portugal
101 0# - Língua de publicação
Língua do texto, banda sonora, etc. Português
215 ## - Descrição física 
Indicação específica da natureza do documento e extensão da espécie 39 p.
Outras indicações físicas il. color
200 1# - Titulo e menção de responsabilidade
Título próprio Fala bicho
Primeira menção de responsabilidade Violeta Figueiredo
Outras menções de responsabilidade il. Pedro Serapicos
225 1# - Colecção 
Título próprio da colecção Educação literária
210 ## - Publicação, Distribuição, etc. 
Lugar da edição, distribuição, etc. Lisboa
Nome do editor, distribuidor, etc. Caminho
Data da publicação, distribuição, etc. 2014
300 ## - Notas gerais 
Texto da nota Metas Curriculares
Texto da nota PNL
606 ## - Nome comum usado como assunto
Número de registo de entrada de autoridade 0001402
Palavra de ordem Literatura portguesa
Subdivisão de assunto Poesia
Código do sistema CA
675 ## - Classificação Decimal Universal (CDU)
Notação 821.134.3-1
Edição 3ª ed.
Língua da edição por
702 #1 - Nome de autor-pessoa física (responsabilidade secundária)
Número de registo de entrada de autoridade 0001403
Palavra de ordem Serapicos
Outra parte do nome não tomada para palavra de ordem Pedro
Código de função Ilustrador / Técnico de desenho computorizado
700 #1 - Nome de autor-pessoa física (responsabilidade principal)
Número de registo de entrada de autoridade 0000412
Palavra de ordem Figueiredo
Outra parte do nome não tomada para palavra de ordem Violeta
966 ## - Identificação da Biblioteca
Sigla EBVEN
942 ## - Elementos de entrada adicionados (Koha)
Tipo de item no Koha Livro
Exemplares
Situação do levantamento Origin of item (home branch) (coded) Biblioteca de empréstimo Código de barras Cota Circulation type (not for loan) Tipo de documento Nota do exemplar Damaged status
  Biblioteca Escolar das Vendas Biblioteca Escolar das Vendas BEV2520 8POR FIG MET PNL   Livro Sem mensagem